00714nam a2200181 a 450000100100000000500170001000800410002704000250006810000240009324500690011724600550018626000210024130000280026204900090029095201050029995201110040499900170051500002600720200930024225.0110225s19uu dr 000 0 spa d aDO-SdBNPbspacBNPHU1 aMato, Rafael95291110a40 años después :bcuando los hombres lloran /cRafael Mato.10aCuarenta años despuesbcuando los hombres lloran a[s.l.],c[s.n.]. a181 p. :bil. ;c21 cm. aBNPD 0010718PDaPDbPDcCTd2011-02-25iLF1l0o p26007-10r2020-06-25w2020-06-25yLFPDZNo se presta 0010718PDaPDbPDcCTd2011-02-25iLF1l0o p26007-20r2020-06-25te. 2w2020-06-25yLFPDZNo se presta c25499d25499